000 00753nam a2200229 i 4500
001 bg
100 1 _aRADWAŃSKA, Maria
245 1 0 _aWzorcowe przykłady z przedmiotu Ustroje powierzchniowe :
_bpomoc dydaktyczna /
_cMaria Radwańska ; Politechnika Krakowska im. Tadeusza Kościuszki.
260 _aKraków :
_bPK,
_c1995.
300 _a73 s. :
_brys., wykr. ;
_c24 cm.
504 _aBibliogr. s. 73.
650 9 _aKonstrukcje budowlane
650 9 _aMetoda elementów skończonych
_xstosowanie
_xbudownictwo
655 _aĆwiczenia i zadania
020 _a8390387808
040 _cBPK
041 0 _apol
080 _a624.01/.07:519.61/.65](075.8)(076)
920 _a83-903878-0-8
942 _cKS
008 s pl f |000 0 pol
999 _c24492
_d24492
856 _uhttp://koha.tu.koszalin.pl/cgi-bin/koha/opac-detail.pl?biblionumber=24492
_yKatalog online BPK